Ειδική διδακτική
Αποθηκεύτηκε σε:
| Κύριος συγγραφέας: | |
|---|---|
| Μορφή: | Βιβλίο |
| Γλώσσα: | Greek |
| Δημοσίευση: |
Αθήναι :
Ι. Χιωτέλης,
1974
|
| Θέματα: | |
| Ετικέτες: |
Προσθήκη ετικέτας
Δεν υπάρχουν, Καταχωρήστε ετικέτα πρώτοι!
|
MARC
| LEADER | 00000cam a2200000 i 4500 | ||
|---|---|---|---|
| 001 | 1/78577 | ||
| 008 | 080324s1974 gre d | ||
| 035 | |l 10095761 | ||
| 040 | |a GR-MY-UA |b gre |e aacr | ||
| 041 | 0 | |a gre | |
| 082 | 0 | |a 372.011 |2 (22) | |
| 100 | 1 | |a Τσιρίμπας, Αντώνιος Α., |d 1903- . | |
| 245 | 1 | 0 | |a Ειδική διδακτική / |c Αντωνίου Ανδρέου Τσιρίμπα |
| 260 | |a Αθήναι : |b Ι. Χιωτέλης, |c 1974 | ||
| 300 | |a 258 σ.; |c 25 εκ. | ||
| 504 | |a Βιβλιογραφία: σ. [260] | ||
| 650 | 0 | 0 | |a Teaching. |
| 650 | 0 | 0 | |a Education, Elementary |x Curricula. |
| 650 | 0 | 0 | |a Effective teaching. |
| 650 | 0 | 0 | |a Teaching |x Methods. |
| 852 | |a INST |b RHODES |c AKA |e 20080324 |h 372.011 ΤΣΙ |p 005400029598 |q 005400029598 |t BK |y 0 | ||
| 901 | |a BIBL4-2008-1 | ||
| 909 | |a Ρ |b 150041 | ||
| 970 | |a ΧΑΡΙΟΠΟΛΙΤΟΥ |b ΚΩΝΣΤΑΝΤΙΝΑ |z 2008/03/24 | ||